[Event "North Wales Congress Major"]
[Site "Llandudno"]
[Date "2019.06.22"]
[Round "2.27"]
[White "Bridgeman, Matthew"]
[Black "Cawston, M John"]
[Result "0-1"]
[WhiteElo "1575"]
[BlackElo "1813"]
[Annotator "kemen"]
[PlyCount "72"]
[EventDate "2019.??.??"]

{[%evp 0,72,19,31,14,5,20,21,53,38,39,23,10,37,41,16,19,10,119,-23,-24,-47,83,
79,80,85,141,97,128,108,109,102,118,122,107,107,142,144,133,109,93,71,55,53,72,
60,82,90,92,73,114,92,111,100,139,74,142,118,116,118,118,85,130,120,123,88,93,
107,110,42,46,-318,-331,-333,-331]} 1. d4 Nf6 2. Nc3 d5 3. Bf4 (3. Bg5 {Veresov
}) 3... g6 4. e3 Bg7 5. h4 O-O (5... h5) (5... c6) (5... c5) 6. h5 c5 7. hxg6
fxg6 (7... hxg6 {more frequent}) 8. dxc5 (8. Qd2) 8... Nbd7 $146 (8... Qa5) (
8... b6) (8... Nc6) 9. Nb5 (9. Nxd5 $16 {Komodo13}) 9... Nxc5 $17 10. Nc7 {Wh
is neglecting development in pursuit of material gain} Ne6 (10... Rf7 11. Nxa8
Nfe4 $19 {Komodo13}) 11. Nxa8 Nxf4 (11... Ne4 12. c3 Qa5 13. Rc1 Nxf4 14. exf4
Rxf4 15. Nf3 Nxc3 16. bxc3 Bxc3+ 17. Rxc3 (17. Nd2 Qc5 18. f3 Rd4 $11) 17...
Qxc3+ 18. Nd2 Bd7 $11 {Komodo13}) 12. exf4 Bf5 13. c3 $16 (13. Bd3 $16) 13...
Qxa8 14. Bd3 $18 Bg4 15. Be2 (15. f3) (15. Ne2) 15... Be6 16. Nf3 Ne4 17. Nd4 (
17. g3 $16) 17... Bd7 18. g3 (18. Bf3 $18 Rxf4 19. Ne2) 18... e5 19. Nf3 Be6
20. Ng5 (20. fxe5 Bxe5 21. O-O $16 {Komodo13}) 20... Nxg5 21. fxg5 Qd8 22. Bg4
Bf7 23. Qd2 d4 24. cxd4 (24. O-O) 24... Qd5 (24... exd4 25. O-O d3 26. Rad1 Qd4
27. Bf3 Bb3 28. Qxd3 Bxd1 29. Qxd4 Bxd4 30. Rxd1 Bb6 31. Kg2 $16 {Komodo13})
25. O-O exd4 {Wh has survived the opening & should be looking to win with the
exchange up} 26. Bh3 $18 (26. Rfe1 $18) 26... Qb5 27. Rfd1 (27. b3) 27... Qb6
28. Bf1 (28. b3 Bd5 29. Rac1 {activates the R}) 28... Bd5 29. Bg2 Be6 30. Be4 (
30. a3 {releases the R}) 30... Rd8 31. b3 (31. Re1 $18 {Stockfish10 & Komodo13}
) 31... Bg4 32. Rdc1 (32. Re1 $18) 32... d3 33. Rab1 Be2 34. Rc4 (34. Kg2 {
both Engines}) 34... Bd4 $11 35. Bxd3 (35. Kh2) (35. Qf4) (35. Qe1) (35. Kg2 {
all = Komodo13}) 35... Bxf2+ 36. Kg2 Bxd3 $19 0-1

[Event "North Wales Congress Major"]
[Site "Llandudno"]
[Date "2019.06.22"]
[Round "2.28"]
[White "Dean, Robert A"]
[Black "Bridgeman, Niamh"]
[Result "1/2-1/2"]
[WhiteElo "1807"]
[BlackElo "1478"]
[Annotator "kemen"]
[PlyCount "85"]
[EventDate "2019.??.??"]

{[%evp 0,85,28,28,41,36,33,34,5,7,26,37,60,59,62,41,75,60,47,33,40,38,38,16,51,
37,51,11,6,2,14,-13,27,6,16,-21,-15,-13,-11,-27,-17,-11,-9,-4,-3,1,-3,0,-2,2,7,
7,3,0,-4,-3,-1,-7,-7,-13,-5,-9,-11,-20,-22,-15,-19,-135,-142,-143,-143,-143,
-149,-202,-202,-560,-681,-808,-1021,-1022,-1101,-1107,-1168,-1168,-1168,-1241,
-1228,-1301]} 1. e4 e6 2. d4 d5 3. Nd2 c5 4. exd5 Qxd5 5. Ngf3 cxd4 6. Bc4 Qd8
(6... Qd6) 7. O-O Nc6 8. Nb3 Nf6 9. Nbxd4 Nxd4 10. Nxd4 Bc5 11. Nb3 Qxd1 12.
Rxd1 Bb6 13. Bb5+ (13. Bf4) 13... Bd7 14. Bxd7+ Nxd7 15. Bg5 (15. a4 {Cloud
Engines}) (15. Bf4) (15. Bd2 Rc8 16. Bc3 {Solozhenkin-Huebner, FIN ch tm 2007,
draw agreed}) 15... Nf6 (15... Rc8) 16. Bxf6 gxf6 17. Rd3 Ke7 18. Rad1 Rad8 19.
g3 Rxd3 20. Rxd3 Rd8 21. Rxd8 Kxd8 $11 22. Kg2 Kd7 23. Nd2 f5 24. Nc4 Bd4 25.
c3 Bf6 26. f4 {Wh does have 3 pawns to 2 on the Q side, & damaged K side pawns
on the Bl K side; but the B should be agile enough to cope} Kc6 27. Kf3 Kc5 (
27... b5) 28. Ne3 h5 29. h3 a6 30. g4 (30. Ke2 $11) 30... hxg4+ 31. hxg4 fxg4+
32. Nxg4 Bg7 {now the slight Bl disadvange on the Bl K side has gone, leaving
the B with its long range} 33. Ne5 (33. f5 exf5 34. Ne3 Bh6 35. Nxf5 Bc1 36. b3
Bb2 37. c4 Be5 {still looks equal, though Bl has better practical chances})
33... Bxe5 $19 34. fxe5 Kd5 35. Kf4 b5 {Wh will run out of moves} 36. b3 a5 37.
a3 a4 38. b4 Kc4 39. Ke4 Kxc3 40. Ke3 Kc4 41. Ke4 Kc3 42. Ke3 Kc4 {Kb3! wins.}
(42... Kb3 43. Kd3 Kxa3 44. Kc3 Ka2 45. Kc2 a3 46. Kc1 (46. Kc3 Kb1) 46... Kb3
47. Kb1 Kxb4 48. Ka2 Ka4 {and the Q side pawns march through. At the very
least Bl should have gone in for this, as he couldn't lose, even though there
are some lines where the Bl K could get stuck on the a file}) 43. Ke4 1/2-1/2

[Event "North Wales Congress Major"]
[Site "Llandudno"]
[Date "2019.06.22"]
[Round "2.29"]
[White "Szwajkun, Richard"]
[Black "Williamson, Graham A"]
[Result "0-1"]
[WhiteElo "1574"]
[BlackElo "1789"]
[Annotator "kemen"]
[PlyCount "70"]
[EventDate "2019.??.??"]

{[%evp 0,70,20,20,67,40,36,45,41,28,50,34,26,8,4,19,42,17,64,49,26,9,19,10,10,
-13,-10,-42,-18,-5,15,-108,-49,-103,-80,-121,-87,-102,-86,-86,-86,-65,-65,-82,
-64,-123,-78,-156,-154,-143,-215,-215,-221,-180,-131,-137,102,107,175,214,200,
134,212,155,157,31,155,-132,-170,-1354,-1372,-29999,-30000]} 1. d4 f5 2. c4 Nf6
3. Nc3 e6 (3... g6) 4. Bg5 (4. Nf3) (4. g3) 4... Be7 5. e3 O-O 6. Bd3 Nc6 (6...
d6) (6... b6) 7. a3 a6 $146 (7... d6) (7... d5) (7... Qe8) 8. Nf3 Qe8 9. b4 (9.
O-O) 9... d6 10. Qc2 h6 11. Bxf6 (11. Bh4) 11... Bxf6 12. O-O-O Qf7 (12... Bd7
$15) 13. Nd2 e5 (13... Ne7) 14. d5 e4 $17 15. dxc6 exd3 $19 16. Qxd3 bxc6 {the
Wh K is in a much more exposed position than the Bl one} 17. e4 Bxc3 (17...
fxe4 $19) (17... Rb8 $19) (17... a5 $19) 18. Qxc3 fxe4 19. Nxe4 Qf4+ 20. Nd2 a5
21. b5 (21. bxa5 Qg5 22. Rhe1 Qxa5 $17) 21... cxb5 22. cxb5 Bd7 (22... Rf5 $19)
(22... Be6 $19) (22... Rb8 $19) 23. Qb3+ Kh8 24. Rhe1 Rf5 25. a4 Rc5+ 26. Kb2
Qd4+ (26... Re8 $1 $19) 27. Ka2 Bf5 (27... Re8 $19) (27... Qg4) 28. Ne4 $16 Qe5
(28... Qxe4 29. Rxe4 Bxe4 30. Ka3 $16 {Komodo13}) 29. Nxc5 Qxc5 30. Re2 $18 c6
31. b6 Rb8 32. b7 Bh7 (32... Rxb7 33. Qxb7 Qc4+ 34. Ka3 Qxe2 35. Rxd6 $16 {
Komodo13}) 33. Rde1 (33. Ka1 $16) 33... Bg8 34. Re8 (34. Re6 Qxf2+ 35. Ka3 Qxe1
36. Rxe1 Bxb3 37. Kxb3 Rxb7+ $17 {Komodo13}) 34... Qc2+ 35. Ka3 Qxb3# 0-1

[Event "North Wales Congress Major"]
[Site "Llandudno"]
[Date "2019.06.22"]
[Round "2.30"]
[White "Carlucci, Paul A"]
[Black "Jones, Dewi"]
[Result "1/2-1/2"]
[WhiteElo "1769"]
[BlackElo "1532"]
[Annotator "kemen"]
[PlyCount "52"]
[EventDate "2019.??.??"]

{[%evp 0,52,30,30,30,30,60,14,4,3,22,23,35,2,3,4,15,14,10,6,29,27,39,28,25,22,
74,72,65,47,52,0,3,14,8,-10,10,-13,26,-3,-9,12,-2,-12,17,0,0,-33,-25,-31,-9,0,
0,0,0]} 1. d4 Nf6 2. Nf3 g6 3. e3 Bg7 4. Be2 (4. Bd3 {normal Colle System})
4... O-O 5. O-O d6 6. b3 (6. c4) 6... c5 7. Bb2 cxd4 8. exd4 (8. Nxd4 {doesn't
block in the B, & the other one can go to f3.}) 8... d5 (8... Nc6 {alternative}
) 9. Nbd2 (9. c4 {main, a bit more active}) 9... b6 (9... Nc6 {3 Bl wins, 4
draws, 2 Wh wins}) 10. Ne5 Nfd7 (10... Ba6 11. c4 Nbd7 12. Nc6 Qe8 13. Re1 Bb7
14. cxd5 Nxd5 15. Rc1 Bxc6 16. Rxc6 Rc8 17. Bb5 $11 a6 18. Rxc8 Qxc8 19. Bc4 e6
$11 {Haessler-Strobehn, Portland 1991,1-0}) 11. f4 Nxe5 12. fxe5 e6 (12... Bf5
13. c4 Nc6 14. Nf3 dxc4 15. bxc4 Qc7 16. Qd2 Rad8 17. Qe3 f6 $11 {Komodo13})
13. Nf3 (13. Ba3 Re8 14. Nc4 dxc4 15. Bf3 $16 {Komodo13}) 13... Ba6 14. c4 (14.
Bxa6 Nxa6 15. Ba3 Re8 16. Rf2 $16 {Komodo13}) 14... Nc6 $14 15. cxd5 (15. Ba3
Re8 16. Bd6) 15... Bxe2 16. Qxe2 Qxd5 $11 {Wh has given himself a backward d
pawn} 17. Rfd1 Rfc8 18. Ba3 Qd7 19. Qe4 Ne7 20. Bxe7 Qxe7 21. Rac1 Qd8 22. Rxc8
Rxc8 23. d5 exd5 24. Rxd5 Qc7 25. h3 Kf8 26. Qb4+ Kg8 $11 1/2-1/2

[Event "North Wales Congress Major"]
[Site "Llandudno"]
[Date "2019.06.22"]
[Round "2.31"]
[White "Davies, Sam"]
[Black "Hawthorne, Julian N"]
[Result "1-0"]
[WhiteElo "1693"]
[BlackElo "1344"]
[Annotator "kemen"]
[PlyCount "67"]
[EventDate "2019.??.??"]

{[%evp 0,67,30,42,50,68,43,15,60,44,64,54,71,46,66,52,119,48,60,54,79,94,68,55,
102,58,45,20,18,-11,4,42,46,-7,29,24,258,51,51,62,465,124,182,135,126,130,126,
139,139,151,146,125,158,118,165,181,137,165,165,140,591,144,29987,29988,29997,
29996,29997,29998,29999,-30000]} 1. e4 c5 2. Nc3 e6 3. g3 d6 (3... Nc6 {main,
most flexible}) 4. Bg2 Ne7 (4... Nf6) 5. d3 Ng6 $146 {this is going to walk
into an f5, Bl is falling behind in development} (5... Nbc6) (5... g6) 6. f4
Be7 7. Nf3 O-O 8. O-O (8. h4 $16 {Komodo13, another way to exploit the N
position}) 8... Nc6 9. Be3 {transposes to other games, 4-0} Qb6 {and goes off
again} (9... a6) (9... d5) (9... Rb8) (9... f5 {have been played without
success}) 10. Rb1 $16 Bf6 11. Ne2 Re8 (11... a5) 12. Kh1 (12. b4 $16 {Komodo13,
wins a pawn}) 12... Qc7 13. h3 {this plan allows Bl to swap the misplaced N} (
13. h4) 13... b6 14. g4 Nh4 15. Nxh4 Bxh4 16. f5 (16. g5 $16 {forces Bl to
weaken his K side to save the B}) 16... e5 (16... Bb7 $15) (16... Ne5 $15) 17.
Nc3 (17. g5) 17... Ne7 18. Qd2 (18. g5 $18 f6 19. Qh5 Rf8 20. Qxh4) 18... f6
$11 19. g5 Kf7 $2 (19... Rf8 $11) 20. Rg1 (20. Qe2 $1 $18) 20... Rg8 21. Bf3
$18 (21. Qe2 $1) 21... Bb7 22. Qe2 (22. Bh5+ g6 23. Rbf1 gxh5 24. Qe2 Bxg5 25.
Qxh5+ Kf8 26. Bxg5 Rxg5 27. Rxg5 fxg5 28. Qxh7 Nd5 29. Qh8+ Kf7 30. Qh5+ Kg8
31. Rg1 $18 {Komodo13}) 22... Qd7 (22... Raf8) 23. Rg4 (23. Bh5+ $18) (23. Rbf1
$18) 23... Bxg5 {Bl has escaped the worst} 24. Bxg5 fxg5 25. Rxg5 g6 (25...
Raf8 $15) 26. fxg6+ (26. Bg4 $16) 26... hxg6 (26... Nxg6 $11) 27. Bg4 Qd8 28.
Rg1 $18 Bc8 29. Qf3+ Kg7 30. Bh5 (30. Bxc8 Qxc8 31. Nd5 $18 {Komodo13}) 30...
Kh6 31. Bxg6 Bxh3 32. Qh5+ (32. Rh5+ Kg7 33. Rh7#) 32... Kg7 33. Qh7+ Kf6 34.
Qf7# 1-0

[Event "North Wales Congress Major"]
[Site "Llandudno"]
[Date "2019.06.22"]
[Round "2.32"]
[White "Parri, Deio"]
[Black "Boulden, David"]
[Result "1/2-1/2"]
[WhiteElo "1651"]
[BlackElo "1825"]
[Annotator "kemen"]
[PlyCount "115"]
[EventDate "2019.??.??"]

{[%evp 0,115,19,31,14,-14,43,37,57,51,41,40,74,74,65,64,75,65,76,75,82,81,100,
91,94,86,66,85,97,59,69,55,84,84,82,132,266,272,272,269,269,269,266,112,95,89,
85,-35,244,232,438,435,482,484,489,179,258,259,364,179,229,214,232,215,240,227,
212,201,217,205,211,201,208,197,198,187,187,186,187,197,198,190,214,205,212,
212,228,158,158,95,98,85,172,173,169,157,189,189,185,151,158,151,188,181,179,
218,245,137,160,28,9,8,22,22,19,0,0,0]} 1. d4 Nf6 2. c4 c5 3. d5 d6 4. Nc3 g6
5. e4 e5 (5... Bg7) (5... b5) 6. Bd3 Bg7 7. Nge2 Na6 8. a3 O-O 9. O-O Nc7 10.
f3 (10. b4) (10. Ng3) 10... a6 11. Bg5 (11. Be3 {2 Wh wins, 1 draw, 1 Bl win})
11... Bd7 12. Qd2 (12. b4 $16 {Komodo13}) 12... b5 13. b3 (13. b4) 13... Rb8
14. Rab1 b4 (14... Rb7 $14) 15. axb4 Rxb4 16. Na2 Rb6 (16... Rb7 17. Bc2 Qc8
18. Be3 $16 {Komodo13}) 17. b4 $18 Qa8 18. bxc5 Rxb1 19. Rxb1 dxc5 20. Qa5 (20.
Rb6 Rb8 21. Qb2 Rxb6 22. Qxb6 Qd8 23. Qxc5 $18 {Komodo13}) 20... Rc8 21. Qxc5 {
gives Bl counterplay} (21. Rb6 Nce8 22. Nac1 $18 {Komodo13; both the a & c
pawn will be taken}) 21... Ncxd5 {regains the pawn, but leaves the Bl pieces
precarious} (21... Ne6 22. Qe3 Nxg5 23. Qxg5 Qa7+ 24. Kh1 a5 $11 {the Wh pawns
are restained}) 22. Qd6 Qa7+ 23. c5 (23. Kh1 h6 24. Bh4 Nf4 25. Nxf4 Ne8 26.
Qd5 Bc6 27. Qa5 exf4 28. Nb4 Bb7 29. Nd5 Bxd5 30. cxd5 $16 {the a6 pawn is
weak, the d5 one strong, & Wh has 2 Bs on an open board}) 23... Nf4 (23... Ne8
24. Qxa6 Qxc5+ 25. Kh1 Ndc7 26. Qb6 Ne6 $11 {Komodo13}) 24. Nxf4 $18 Ne8 25.
Qb6 Qxb6 26. cxb6 exf4 27. Bxa6 (27. b7 $18 {wins a whole R}) 27... Bd4+ 28.
Kf1 (28. Kh1) 28... Rc2 29. Bxf4 (29. b7 $1 Ba7 30. Nc1 Bb8 31. Ne2 Nc7 32. Bd3
Rd2 33. Nxf4 $18 {Komodo13}) 29... Bxb6 30. Rxb6 Rxa2 31. Bc4 $18 {but could
have had a much greater advantage than just the pawn & the 2 Bs} Ra7 32. Be3 (
32. Rb8 Kg7 33. h4) 32... Rc7 33. Bd5 Ng7 34. Rb8+ Rc8 35. Rxc8+ Bxc8 36. Bd4
Ne6 37. Bf6 Kf8 38. Bc6 (38. Kf2) 38... Ba6+ (38... Nc5 39. Ke2 Bb7 40. Bd5 $18
(40. Bxb7 Nxb7 41. Ke3 $18 {but with the pawns all on one side, the N vs B
gives Bl some drawing hopes})) 39. Kf2 h5 40. h4 Nf4 41. g3 Nd3+ 42. Ke3 Ne1
43. e5 (43. Bc3 Nd3 44. f4) 43... Nc2+ 44. Kf4 {obstructs his pawns, though Wh
is trying to reach h6 with the K} (44. Ke4) 44... Nd4 45. Be4 Ne6+ (45... Ne2+
46. Kg5 Nxg3 47. Bd5 Bc8 $14 {Komodo13}) 46. Ke3 Bb5 47. f4 (47. g4 {sets up a
passed hp, or a weak h pawn by Bl}) 47... Nc5 48. Bf3 Bd7 49. Kd4 Ne6+ 50. Kd5
(50. Ke3) 50... Bc6+ $6 {to simplify, however this should lose quickly} 51.
Kxc6 Nd4+ 52. Kd7 Nxf3 53. Be7+ ({destoys the base of Bl's pawn structure} 53.
e6 $1 fxe6 54. Kxe6 Ng1 55. Bb2 (55. Be5) 55... Kg8 (55... Ne2 56. Kf6 Nxg3 57.
Kxg6 Ke8 58. f5 Kf8 59. f6 {and the pawn goes through} (59. Be5)) 56. Kf6 Kh7
57. f5 gxf5 58. Kxf5 Ne2 59. Be5 Kh6 60. Kf6 Ng1 61. Bf4+ Kh7 62. Kg5 Kg7 63.
Kxh5 {and the B is even of the right colour to assist the h pawn}) 53... Kg7
54. e6 {Wh plays the correct move, but with just the wrong timing, as the N
rides to the rescue} (54. Bf6+ Kh7 55. Ke7 Kg8 56. e6) 54... fxe6 55. Kxe6 Nd4+
56. Ke5 Nf5 57. Bf6+ Kf7 58. Bg5 {the N takes the pawn, & just keeps returning
to block f5, while there is no loger any entry for the Wh K} 1/2-1/2

[Event "North Wales Congress Major"]
[Site "Llandudno"]
[Date "2019.06.22"]
[Round "2.33"]
[White "Sutcliffe, John"]
[Black "Connor, Michael I"]
[Result "0-1"]
[WhiteElo "1653"]
[BlackElo "1639"]
[Annotator "kemen"]
[PlyCount "94"]
[EventDate "2019.??.??"]

{[%evp 0,94,34,34,59,85,57,49,49,21,22,29,9,15,54,-62,-48,-30,11,-166,-113,
-114,-64,-72,-28,-55,-59,-73,3,-27,-20,-87,-28,-45,-8,-21,-14,-33,-11,-22,0,
-158,-152,-153,-138,-135,-150,-124,-124,-124,-92,-252,-247,-262,-255,-251,-233,
-239,-241,-253,-260,-256,-263,-266,-259,-290,-290,-314,-324,-324,-346,-401,
-410,-491,-368,-440,-402,-514,-500,-1249,-512,-527,-532,-29987,-854,-29987,
-555,-556,-558,-558,-353,-370,-368,-628,-992,-1134,-1149]} 1. e4 Nf6 2. e5 Nd5
3. d4 d6 4. c4 Nb6 5. f4 (5. exd6 {is more usual these days}) 5... dxe5 6. fxe5
c5 (6... Nc6 7. Be3 Bf5 {is the older line}) 7. Be3 {allows the destruction of
the centre, 13 % for Wh} (7. d5 {takes up the challenge} e6 8. Nc3 (8. d6 Qh4+
{22% for Wh}) 8... exd5 9. cxd5 c4 {54% for Wh, a normal outcome}) 7... Nc6 (
7... cxd4 $17 {main}) 8. Nf3 Bg4 (8... cxd4 9. Nxd4 (9. Bxd4 Bg4 10. Bc3 Qxd1+
11. Kxd1 O-O-O+ $19 {Komodo13}) 9... Nxe5) 9. Be2 (9. e6 fxe6 10. dxc5 $11 {
Komodo13, not yet played}) 9... e6 (9... cxd4 $19 {0-4}) 10. b3 (10. Nc3 Bxf3 (
10... cxd4 $19) 11. Bxf3 cxd4 12. Bxc6+ bxc6 13. Bxd4 Bb4 14. Bxb6 Bxc3+ 15.
bxc3 Qxb6 16. Qd4 O-O 17. O-O Rfd8 18. Qxb6 axb6 19. Rfd1 $17 {Alders-De Waal,
PKS op, Netherlands 2003,0-1}) (10. O-O cxd4 11. Nxd4 Bxe2 12. Nxe2 Qxd1 13.
Rxd1 Nxc4 14. Bf2 Nxb2 {Gutacker-Leimeister, Griesheim op, 2007, Wh resigned})
10... Be7 (10... cxd4 $19) 11. O-O O-O 12. dxc5 Nd7 13. Nbd2 Qc7 14. Ne4 Rad8
15. Qe1 Ndxe5 $17 16. Nxe5 Qxe5 (16... Nxe5) 17. Bxg4 Qxe4 18. Bf3 $11 Qe5 19.
Qf2 (19. Bf2 $11) 19... f5 (19... Nd4 $17) 20. Rae1 (20. Bxc6 bxc6 21. Rae1 $11
) 20... f4 $19 21. Bd2 Bxc5 22. Rxe5 Bxf2+ 23. Rxf2 Nxe5 24. Bxb7 Nd3 25. Rf1
Nc5 26. Bb4 Nxb7 27. Bxf8 Kxf8 (27... Rxf8) 28. Rxf4+ Ke7 29. g3 e5 30. Rf2 a5
31. Re2 Ke6 32. Kf2 Nc5 33. Ke3 Rd3+ 34. Kf2 e4 35. Kg2 Ke5 36. h3 Rf3 37. Rd2
Nd3 38. a3 Ne1+ 39. Kh2 Rxb3 (39... e3 {and the pawn goes though}) 40. Rd5+ Ke6
41. Rxa5 e3 (41... Nf3+ 42. Kh1 Rb2 {mates after Wh runs out of checks}) 42.
Kg1 Rb1 (42... Rb2) 43. Kf1 Nc2+ 44. Ke2 Rb3 (44... Re1+ 45. Kd3 Rd1+ 46. Kxc2
e2 47. Ra8 Ke7 48. Ra7+ Kf6 49. Ra6+ Ke5 50. Ra8 e1=Q $19) 45. Rd5 Nxa3 46. Rd3
Rxd3 47. Kxd3 Nxc4 0-1

[Event "North Wales Congress Major"]
[Site "Llandudno"]
[Date "2019.06.22"]
[Round "2.34"]
[White "Davies, Huw"]
[Black "Williams, Raymond"]
[Result "0-1"]
[WhiteElo "1642"]
[BlackElo "1607"]
[Annotator "kemen"]
[PlyCount "76"]
[EventDate "2019.??.??"]

{[%evp 0,76,30,29,39,18,10,15,15,-14,-22,-36,-33,-42,-65,-72,0,0,0,-13,7,2,-1,
-4,22,16,14,6,-1,-1,0,-61,-34,-57,-32,-92,-69,-127,-49,-49,-16,-15,-13,10,0,0,
0,-20,-46,-46,14,-189,-186,-188,-188,-272,-219,-219,-196,-218,-223,-216,-216,
-221,-216,-220,-222,-329,-292,-292,-351,-349,-368,-374,-284,-284,-259,-611,
-617]} 1. e4 e5 2. Nf3 Nc6 3. Bc4 Bc5 4. b4 Bxb4 5. c3 Ba5 6. d4 exd4 7. Nxd4 {
this exchanges one of Wh's most useful attackers in the Evans Gambit.} (7. O-O)
(7. Qb3 {main lines}) 7... Nxd4 {56% for Wh} (7... Qf6 {appears even stronger,
29% for Wh}) 8. Qxd4 Qf6 9. O-O (9. e5) 9... Qxd4 (9... Bb6 10. Qd3 d6 11. Nd2
Nh6 (11... Ne7 $15) 12. Nf3 Qe7 13. Bg5 f6 14. Bxh6 gxh6 15. Qd5 (15. a4 $16)
15... Qg7 (15... c6 $11) 16. Nd4 {Mueller-Harbs, DESC email 2002,1-0}) 10. cxd4
d6 (10... Ne7 11. Bb2 O-O 12. Nc3 d6 13. Ne2 Ng6 14. Ng3 Bd7 15. Rad1 Nf4 16.
Bc1 Ne6 17. Bb2 g6 $15 {Eriksson-Lehtinen,FIN ch U18, Vantaa 1991,0-1}) 11. Bd2
Bxd2 12. Nxd2 Ne7 13. f4 O-O $15 14. f5 Nc6 15. Nb3 Bd7 (15... a5) 16. Rf3 Rae8
17. Re1 a6 18. h4 b5 (18... Nb4) 19. Bd3 Nb4 (19... Rb8) 20. Bb1 $11 {Wh has
got active piece play} Nc6 21. Rc1 a5 22. d5 Ne5 23. Rg3 (23. Rfc3 $11) 23...
a4 24. Nd4 Rc8 25. Nc6 (25. Rgc3 $11) 25... Bxc6 26. dxc6 Rb8 $19 (26... b4 $19
) 27. a3 Rb6 (27... b4) 28. Rgc3 Re8 29. Ba2 b4 30. axb4 Rxb4 31. Bd5 Ra8 32.
Ra1 Kf8 33. Rb3 axb3 34. Rxa8+ Ke7 35. Ra1 b2 36. Rb1 Nd3 (36... Ng4) 37. Kf1
Nc5 (37... Ra4 38. Bb3 Ra1 39. Bc2 Rxb1+ 40. Bxb1 Ne5 41. Ke2 Nc4 {wins the B})
38. g3 Na4 0-1

[Event "North Wales Congress Major"]
[Site "Llandudno"]
[Date "2019.06.22"]
[Round "2.35"]
[White "Lloyd, Stephen M"]
[Black "Ashcroft, Graham J"]
[Result "1/2-1/2"]
[WhiteElo "1526"]
[BlackElo "1823"]
[Annotator "kemen"]
[PlyCount "34"]
[EventDate "2019.??.??"]

{[%evp 0,34,24,30,75,68,69,62,57,45,74,51,42,40,40,34,60,68,46,40,72,47,98,32,
32,40,87,73,98,98,104,73,77,72,90,88,91]} 1. d4 f5 2. Nf3 Nf6 3. Bg5 e6 4. Nbd2
d5 5. e3 Be7 6. Bd3 (6. Ne5 {main}) 6... O-O 7. O-O Ne4 (7... Nbd7) 8. Bxe7
Qxe7 9. c4 c6 10. Ne5 Nd7 11. Nxd7 (11. Ndf3) 11... Bxd7 12. Nf3 Be8 $146 13.
Ne5 Qg5 14. f4 Qh4 15. Qe1 (15. Bxe4 fxe4 {leaves Wh with a good N vs a Bad B})
15... Qxe1 16. Rfxe1 h6 17. Bxe4 fxe4 $16 1/2-1/2

[Event "North Wales Congress Major"]
[Site "Llandudno"]
[Date "2019.06.22"]
[Round "2.36"]
[White "Wells, Barrie"]
[Black "Francis, Matthew"]
[Result "1/2-1/2"]
[WhiteElo "1281"]
[BlackElo "1697"]
[Annotator "kemen"]
[PlyCount "37"]
[EventDate "2019.??.??"]

{[%evp 0,37,30,30,24,-28,43,1,46,21,13,-2,-6,1,8,3,9,12,11,-28,5,-22,8,-11,-21,
-28,5,-8,19,22,27,-2,30,-18,37,2,15,-18,58,-49]} 1. d4 Nf6 2. c4 c5 3. e3 {a
passive continuation, though it doen't give Bl that much to aim against} (3. d5
b5 {Benko Gambit, can get quite wild}) 3... g6 4. Bd3 (4. Nc3) 4... Bg7 5. Ne2
O-O 6. Nbc3 {Wh scores 22% from this position} d6 (6... cxd4 7. exd4 d5 {main,
Wh gets an isolated pawn, as} 8. c5 Nc6 9. O-O b6 {0.5-3.5}) (6... d5) 7. O-O
Nc6 8. d5 (8. a3 {main,2 draws, 3 Bl wins}) 8... Ne5 9. Rb1 $146 {Komodo13} (9.
f4 Nxd3 10. Qxd3 e6 {0-2}) 9... Nxd3 (9... a6 $15) (9... b5 10. cxb5 (10. Nxb5
Nxd3 11. Qxd3 Bf5 $19) 10... Nxd3 11. Qxd3 a6 $15 {Komodo13, with a good
version of a Benko gambit}) 10. Qxd3 Nd7 (10... b5 $15 {Komodo13}) 11. Ng3 (11.
b3 $11) 11... Ne5 12. Qe2 f5 {the game becomes a version of a Leningrad Dutch,
though the exchange of a pair of Ns has left Bl few fewer attacking chances}
13. Bd2 (13. f4 Ng4 14. h3 Nh6 15. e4 $11 {Bl must take care of e6} e6 $11)
13... Ng4 {provoking a weakness on the K side, but the N is better placed on
e5 than where it lands up on f6} 14. h3 Nf6 (14... Nh6 {preferred now by
Komodo13}) 15. a3 (15. b3) (15. e4 Nxe4 16. Ncxe4 fxe4 17. Nxe4 Bf5 18. Rbe1
Bxe4 19. Qxe4 Rf7 20. b3 $16 {Komodo13}) 15... a5 (15... e5 16. dxe6 Bxe6 $11 {
Komodo13}) 16. b4 (16. e4 $16) 16... b6 (16... axb4 17. axb4 Nd7 $11 18. e4 $2
f4 $19) 17. e4 (17. bxc5 {giving the R access to the b file} bxc5 18. e4 f4 (
18... fxe4 19. Ncxe4 Nxe4 20. Nxe4 Bf5 21. g4 $16) 19. Bxf4 Nxe4 20. Qxe4 Bxc3
21. Bh6 Rf7 22. Qe2 Bd4 23. Ne4 Bf5 24. Ng5 Bxb1 25. Nxf7 Bd3 26. Qe6 Qc8 27.
Qxe7 Qe8 28. Qxe8+ Rxe8 29. Nxd6 Bxf1 30. Kxf1 $16 {Komodo13}) 17... Nxe4 (
17... axb4 18. axb4 Nxe4 19. Ncxe4 fxe4 20. Nxe4 Ra2 $11 {Komodo13}) 18. Ncxe4
fxe4 (18... axb4) 19. Nxe4 (19. bxa5 bxa5 20. Nxe4 $16) (19. Nxe4 axb4 20. axb4
Ra2 $11) 1/2-1/2